000 00637nam a2200229Ia 4500
003 OSt
005 20220927104426.0
006 a|||||r|||| 00| 0
007 ta
008 220926b |||||||| |||| 00| 0 eng d
024 _a147853
037 _cReference Collections
040 _aRTL
_cRTL
_beng
041 _2eng
_aeng
082 _a"X71.44Q7rN48, K6/GD"
110 _aPAKISTAN THE BUDGET 1965-66
_9365682
245 0 _aSpeech of Mohammad Shoaib
260 _c1966
700 _aPAKISTAN THE BUDGET 1965-66
_9365683
942 _h"X71.44Q7rN48, K6/GD"
_cCC
999 _c687326
_d687326